| 000 | 004780000a22001810004500 | ||
|---|---|---|---|
| 020 | _a0-89051-348-1 | ||
| 041 | 0 | _aSPA | |
| 082 | 0 | 4 | _aG 253 H1981e |
| 100 | 1 | _aHam, Ken | |
| 245 | 1 | 0 | _aEvangelismo para el nuevo milenio : Utilizando la creación para el mundo de hoy / Ken Ham |
| 260 | _aUSA : Master | ||
| 300 | _a176 Pag | ||
| 001 | 6271 | ||
| 942 | _cBK | ||
| 999 |
_c36544 _d36544 |
||
| 336 |
_atexto _btxt _2rdacontent |
||
| 337 |
_2rdamedia _asin mediación _bn |
||
| 338 |
_2rdacarrier _avolumen _bnc |
||